Statistics for music trivia: songs and artists of 1966

Click here to take the quiz!

General Stats

  • This quiz has been taken 93 times
    (65 since last reset)
  • The average score is 9 of 15

Answer Stats

This 1966 song was sung by......this group or artist% Correct
Bang Bang (My Baby Shot Me Down)Cher, Nancy Sinatra or Dalida
95%
Strangers in the NightFrank Sinatra
93%
The Last Train to ClarksvilleThe Monkees
87%
Wild ThingThe Troggs
82%
When a Man Loves a WomanPercy Sledge
75%
God Only KnowsThe Beach Boys
75%
Reach Out, I'll Be ThereThe Four Tops
69%
Ain't Too Proud to BegThe Temptations
58%
CherishThe Association
55%
Sweet PeaTommy Roe
49%
Sunny AfternoonThe Kinks
47%
Hold On, I'm Comin'Sam and Dave
44%
Wipe OutThe Surfaris
36%
Land of 1000 DancesWilson Pickett
31%
What Becomes of the BrokenheartedJimmy Ruffin
22%

Score Distribution

Percentile by Number Answered

Percent of People with Each Score

Your Score History

You have not taken this quiz since the last reset